[Event "XXV OOM - Mistrzostwa Polski Juniorow Mlodszych - Chlopcy do lat 12"]
[Site "Sielpia"]
[Date "1899-12-30"]
[Round "3.24"]
[White "Wydmanski, Szymon"]
[Black "Baszczynski, Gabriel"]
[Result "1-0"]
[WhiteTitle "II"]
[BlackTitle "II+"]
[WhiteElo "1319"]
[BlackElo "1501"]

1. e4 c5 2. Nf3 e6 3. d4 cxd4 4. Nxd4 a6 5. Bd3 Nf6 6. O-O e5 7. Nb3 Nc6 8. Nc3
Be7 9. Nd5 O-O 10. Be3 Nxd5 11. exd5 Na5 12. Nxa5 Qxa5 13. Qh5 g6 14. Qxe5 Qd8
15. Bd4 f6 16. Qg3 f5 17. d6 Bf6 18. Be3 Bxb2 19. Rab1 Bg7 20. Bg5 Bf6 21. Bh6
Bg7 22. Bc4+ Kh8 23. Bxg7+ Kxg7 24. Qe5+ Qf6 25. Qxf6+ Rxf6 26. Rb6 a5 27. a4
f4 28. Re1 Rf5 29. Re7+ Kh6 30. h4 g5 31. Bd3 Kg6 32. Re5 1-0

[Event "XXV OOM - Mistrzostwa Polski Juniorow Mlodszych - Chlopcy do lat 12"]
[Site "Sielpia"]
[Date "1899-12-30"]
[Round "3.25"]
[White "Sukiennik, Oliwier"]
[Black "Iwaszkiewicz, Grzegorz"]
[Result "1-0"]
[WhiteTitle "II+"]
[BlackTitle "II"]
[WhiteElo "1466"]
[BlackElo "1403"]

1. e4 c5 2. Nf3 e6 3. d3 Nc6 4. Nbd2 Nf6 5. g3 d5 6. Bg2 Be7 7. O-O d4 8. e5 Nd5
9. h4 f6 10. Qe2 Qc7 11. Re1 Ndb4 12. Nc4 Nd5 13. a4 f5 14. Ng5 O-O 15. Nh3 Bd7
16. Nf4 Ncb4 17. Ra3 Rae8 18. c3 Nxf4 19. Bxf4 Nd5 20. Bxd5 exd5 21. e6 Qc8 22.
exd7 Qxd7 23. Ne5 Qc8 24. Raa1 Bf6 25. Qd2 Re6 26. Nf3 Rfe8 27. Rxe6 Rxe6 28.
cxd4 c4 29. Rc1 Qe8 30. Ne5 Qxa4 31. dxc4 Bxe5 32. cxd5 Bxf4 33. dxe6 Bxd2 1-0

[Event "XXV OOM - Mistrzostwa Polski Juniorow Mlodszych - Chlopcy do lat 12"]
[Site "Sielpia"]
[Date "1899-12-30"]
[Round "3.26"]
[White "Ptaszynski, Szymon"]
[Black "Adamala, Jacek"]
[Result "1-0"]
[WhiteTitle "II"]
[BlackTitle "II"]
[WhiteElo "1444"]
[BlackElo "1317"]

1. c4 c5 2. g3 Nf6 3. Bg2 Nc6 4. Nc3 e6 5. e4 g6 6. Nge2 Bg7 7. d3 O-O 8. O-O d6
9. h3 Rb8 10. f4 a6 11. Be3 b5 12. cxb5 axb5 13. e5 Nd5 14. Nxd5 exd5 15. Bxd5
Nb4 16. Bg2 Re8 17. Bf2 Bf5 18. d4 Nc2 19. g4 Nxa1 20. gxf5 dxe5 21. fxe5 cxd4
22. f6 d3 23. fxg7 dxe2 24. Qxe2 Nb3 25. axb3 Qg5 26. Bd4 Rbd8 27. Qxb5 Re6 28.
Bc3 Qe3+ 29. Kh1 Kxg7 30. Qb7 Qb6 31. Qxf7+ Kh8 32. Bd5 Ree8 33. e6+ 1-0

[Event "XXV OOM - Mistrzostwa Polski Juniorow Mlodszych - Chlopcy do lat 12"]
[Site "Sielpia"]
[Date "1899-12-30"]
[Round "4.1"]
[White "Fiszer, Bartosz"]
[Black "Krawczyk, Flawian"]
[Result "1-0"]
[WhiteTitle "CM"]
[BlackTitle "II"]
[WhiteElo "2119"]
[BlackElo "1800"]

1. e4 e5 2. Nf3 Nc6 3. Bb5 a6 4. Ba4 Nf6 5. O-O Nxe4 6. d4 b5 7. Bb3 d5 8. dxe5
Be6 9. c3 Bc5 10. Nbd2 O-O 11. Bc2 Nxf2 12. Rxf2 f6 13. exf6 Bxf2+ 14. Kxf2 Qxf6
15. Kg1 Rad8 16. Qe1 Bf5 17. Bxf5 Qxf5 18. Nb3 Rde8 19. Qd1 Re6 20. Bd2 Rg6 21.
Kh1 Qg4 22. Qe2 Re6 23. Qd3 Ne5 24. Qxd5 c6 25. Nxe5 Qf5 26. Qd3 Rxe5 27. Qxf5
Rfxf5 28. Kg1 c5 29. Rf1 Kf7 30. Rxf5+ Rxf5 31. Be3 c4 32. Nd4 Re5 33. Kf2 a5
34. Nc6 Rf5+ 35. Ke2 Rf6 36. Nd4 b4 37. cxb4 axb4 38. Nc2 Rf5 39. Nxb4 Rb5 40.
a3 Ke6 41. Kd2 Kf5 42. Kc3 Ke4 43. Kxc4 Rh5 44. Bg1 Rg5 45. g3 Kf3 46. a4 Kg2
47. Bc5 Kxh2 48. a5 Rg6 49. a6 Rxa6 50. Nxa6 Kxg3 51. Nc7 h5 52. Ne6 h4 53. Nxg7
1-0

[Event "XXV OOM - Mistrzostwa Polski Juniorow Mlodszych - Chlopcy do lat 12"]
[Site "Sielpia"]
[Date "1899-12-30"]
[Round "4.2"]
[White "Starosciak, Szymon"]
[Black "Seemann, Jakub"]
[Result "0-1"]
[WhiteTitle "II+"]
[BlackTitle "I"]
[WhiteElo "1661"]
[BlackElo "2012"]

1. e4 c5 2. Nf3 d6 3. d4 cxd4 4. Nxd4 Nf6 5. Nc3 a6 6. h3 e5 7. Nb3 Be7 8. Be3
Be6 9. f4 exf4 10. Bxf4 Nc6 11. Qe2 Nd7 12. O-O-O Nde5 13. Kb1 O-O 14. g4 b5 15.
Nd5 Rc8 16. Qg2 Re8 17. g5 Bf8 18. h4 Rb8 19. h5 a5 20. h6 a4 21. hxg7 Bxg7 22.
Nc1 Bxd5 23. exd5 Na5 24. Qh2 Nac4 25. Qxh7+ Kf8 26. g6 Nxg6 27. Bh6 Qf6 28. c3
Bxh6 29. Qxh6+ Qg7 30. Qxg7+ Kxg7 31. Bxc4 bxc4 32. Rd4 Rec8 33. Ne2 a3 34. Rd2
Rc5 35. Ka1 axb2+ 36. Rxb2 Rxb2 37. Kxb2 Rxd5 38. Nd4 Ra5 39. Ra1 Ne5 40. a4 Nd3+
41. Ka3 f5 42. Nc6 Ra8 43. a5 Ra6 44. Ka4 Rxc6 45. Kb5 Rc8 46. a6 f4 47. Kb6 f3
48. Kb7 Re8 49. Rf1 f2 50. a7 Kf6 51. a8=Q Rxa8 52. Kxa8 Ke5 53. Kb7 Ke4 54. Kc6
Ke3 55. Kd5 Nb2 56. Rb1 Kd3 57. Rf1 Ke2 58. Rh1 f1=Q 59. Rxf1 Kxf1 60. Kxd6 Ke2
61. Kc5 Kd3 62. Kb4 Nd1 0-1

[Event "XXV OOM - Mistrzostwa Polski Juniorow Mlodszych - Chlopcy do lat 12"]
[Site "Sielpia"]
[Date "1899-12-30"]
[Round "4.3"]
[White "Wiatrowski, Zbigniew"]
[Black "Malek, Jan"]
[Result "1/2-1/2"]
[WhiteTitle "I"]
[BlackTitle "II"]
[WhiteElo "1597"]
[BlackElo "1502"]

1. e4 d6 2. d4 Nf6 3. Nc3 e5 4. dxe5 dxe5 5. Qxd8+ Kxd8 6. Nf3 Bd6 7. Bc4 Be6 8.
Bxe6 fxe6 9. h3 a6 10. Be3 Nbd7 11. Rd1 Ke7 12. O-O Rhc8 13. Nd2 b5 14. a4 Rcb8
15. g4 c5 16. b3 c4 17. g5 Nh5 18. axb5 Bb4 19. Ne2 axb5 20. bxc4 Bxd2 21. Rxd2
bxc4 22. Rfd1 Rb7 23. Kg2 Ra5 24. h4 Nf8 25. Ng3 Nxg3 26. fxg3 Rd7 27. h5 Rxd2+
28. Rxd2 Nd7 29. g4 Ra3 30. Kf2 Ra2 31. Kg3 Ra3 32. Kf2 Ra2 33. Kg3 Ra3 1/2-1/2

[Event "XXV OOM - Mistrzostwa Polski Juniorow Mlodszych - Chlopcy do lat 12"]
[Site "Sielpia"]
[Date "1899-12-30"]
[Round "4.4"]
[White "Meers, Hubert"]
[Black "Klimkowski, Jan"]
[Result "1/2-1/2"]
[WhiteTitle "I++"]
[BlackTitle "I"]
[WhiteElo "2022"]
[BlackElo "2024"]

1. e4 c5 2. Nf3 d6 3. d4 cxd4 4. Nxd4 Nf6 5. Nc3 a6 6. Be2 e6 7. O-O Be7 8. f4
O-O 9. Kh1 Qc7 10. Qe1 b5 11. a3 Bb7 12. Bd3 Nbd7 13. Qg3 Nc5 14. e5 Nfe4 15.
Bxe4 Nxe4 16. Nxe4 Bxe4 17. f5 dxe5 18. Bh6 Bf6 19. fxe6 Bg6 20. Rxf6 gxf6 21.
Bxf8 Rxf8 22. exf7+ Qxf7 23. Nf5 Kh8 24. Rf1 Qe6 25. Ne3 f5 26. Qh3 Qf7 27. Qh6
Qg7 28. Qg5 Qf6 29. Qh6 Rd8 30. h4 f4 31. Ng4 Qf5 32. Qg5 Qxg5 33. hxg5 Rd5 34.
Nf6 Rd2 35. Re1 Rxc2 36. Rxe5 Rxb2 37. Re6 a5 38. Ra6 b4 39. Rxa5 b3 40. Rb5 Bc2
41. Rb7 Ra2 42. g6 Bxg6 43. Rxb3 Kg7 44. Ng4 Be4 45. Rb4 Bxg2+ 46. Kg1 Bd5 47.
Rxf4 Rxa3 48. Nf2 h5 49. Rf5 Bf3 50. Kh2 Kg6 51. Rb5 Rc3 52. Ra5 Re3 53. Ra6+
Kg5 54. Ra5+ Kh4 55. Ra4+ Bg4 56. Nxg4 hxg4 57. Kg2 Re2+ 58. Kg1 Rb2 59. Ra3 Rb1+
60. Kg2 1/2-1/2

[Event "XXV OOM - Mistrzostwa Polski Juniorow Mlodszych - Chlopcy do lat 12"]
[Site "Sielpia"]
[Date "1899-12-30"]
[Round "4.5"]
[White "Madej, Marek"]
[Black "Grzadka, Artur"]
[Result "1-0"]
[WhiteTitle "I"]
[BlackTitle "I"]
[WhiteElo "1847"]
[BlackElo "1585"]

1. e4 c5 2. Nf3 e6 3. d4 cxd4 4. Nxd4 a6 5. c4 Nf6 6. Nc3 Bb4 7. Qd3 Qc7 8. a3
Bxc3+ 9. Qxc3 Nxe4 10. Nb5 axb5 11. Qxg7 Rf8 12. Bh6 Qc5 13. f3 Nf6 14. Qxf6 Rg8
15. cxb5 Qe7 16. Qc3 Nc6 17. Be3 Nd8 18. Bd3 Rxg2 19. O-O-O f5 20. Rhg1 Rxg1 21.
Rxg1 Qf8 22. Qg7 Ra4 23. Qxh7 f4 24. Rg8 fxe3 25. Bg6+ 1-0

[Event "XXV OOM - Mistrzostwa Polski Juniorow Mlodszych - Chlopcy do lat 12"]
[Site "Sielpia"]
[Date "1899-12-30"]
[Round "4.6"]
[White "Borowik, Wojciech"]
[Black "Dziewonski, Dariusz"]
[Result "1/2-1/2"]
[WhiteTitle "I"]
[BlackTitle "I"]
[WhiteElo "1556"]
[BlackElo "1817"]

1. d4 d5 2. c4 e6 3. Nc3 a6 4. Nf3 Nf6 5. Bg5 dxc4 6. e3 Nbd7 7. Bxc4 b5 8. Bd3
Bb7 9. O-O Be7 10. Qc2 c5 11. dxc5 Nxc5 12. Rfd1 Nxd3 13. Rxd3 Qc7 14. Qd1 O-O
15. Rc1 Rac8 16. e4 Bc6 17. Nd4 Qb8 18. Nxc6 Rxc6 19. Nd5 exd5 20. Rxc6 dxe4 21.
Rd2 Qe5 22. Bxf6 Bxf6 23. Qe2 Bg5 24. Rdc2 h6 25. g3 Qd4 26. h4 Be7 27. Rxa6 f5
28. Rac6 f4 29. Qd2 Qe5 30. Qc3 Qh5 31. Qd2 Qg4 32. Qe2 f3 33. Qf1 Bxh4 34. Kh2
Be7 35. Qh3 Qxh3+ 36. Kxh3 e3 37. Re6 exf2 38. Rxf2 Bc5 39. Rf1 f2 40. Re2 Rd8
41. Kg2 Ra8 42. Re5 Bd4 43. Rd5 Be3 44. Kf3 Bg5 45. Rxf2 b4 46. Rb5 Be7 47. Re2
Bf8 48. b3 Rc8 49. Kg2 Rd8 50. Rb7 Rc8 51. Rd7 Ra8 52. Rc2 Re8 53. Rdc7 Rd8 54.
Rc8 Rd7 55. Rb8 Rf7 56. Rcc8 Rf6 57. Rxb4 Kh7 58. Ra4 Be7 59. Rac4 Rd6 60. Rc2
Rd3 61. R8c3 Rd4 62. a4 h5 63. Rf3 Bf6 64. Rf4 Rd3 65. b4 Be5 66. Rf3 Rd4 67.
Rb3 h4 68. gxh4 Rg4+ 69. Kh3 Re4 70. a5 Bf6 71. Rh2 Bxh4 72. b5 Be7 73. b6 Bd6
74. b7 Bb8 75. a6 Ra4 76. Rb6 Kg8 77. Rc2 Ra3+ 78. Kg2 Kh7 79. Rc8 Bc7 80. Rxc7
Re3 81. b8=Q Re2+ 82. Kf3 Re3+ 83. Kf4 Re4+ 84. Kf5 Re5+ 85. Kf4 Re4+ 86. Kg5
Re5+ 87. Kf4 1/2-1/2

[Event "XXV OOM - Mistrzostwa Polski Juniorow Mlodszych - Chlopcy do lat 12"]
[Site "Sielpia"]
[Date "1899-12-30"]
[Round "4.7"]
[White "Jaworski, Tymon"]
[Black "Karwacki, Piotr"]
[Result "1/2-1/2"]
[WhiteTitle "II+"]
[BlackTitle "I"]
[WhiteElo "1498"]
[BlackElo "1813"]

1. e4 c5 2. Nf3 d6 3. d4 cxd4 4. Nxd4 Nf6 5. Nc3 a6 6. g3 e5 7. Nb3 Be7 8. Bg2
b5 9. Nd5 Nxd5 10. Qxd5 Ra7 11. Be3 Be6 12. Qd2 Rd7 13. O-O O-O 14. Rad1 Nc6 15.
f4 exf4 16. gxf4 Qc8 17. Nd4 Nxd4 18. Bxd4 Rc7 19. Rc1 f5 20. exf5 Rxf5 21. Be4
Rh5 22. Qg2 Bd8 23. Rce1 Qd7 24. Rf3 Bh4 25. Ree3 Bg4 26. Rf1 Be6 27. Qf3 Qf7
28. Kh1 d5 29. Bd3 Bf5 30. Rg1 Bg6 31. f5 Rxf5 32. Bxf5 Qxf5 33. Qxf5 Bxf5 34.
Re8+ Kf7 35. Rxg7+ Kxe8 36. Rxc7 Kd8 37. Ra7 Bxc2 38. Rxa6 Kc7 39. Rb6 Bd3 40.
Kg2 Bg5 41. Kg3 Bc1 42. Rf6 Bg5 43. Re6 Be4 44. Bf6 Be3 45. Bc3 Kd7 46. Re5 Kd6
47. Re6+ Kd7 1/2-1/2

[Event "XXV OOM - Mistrzostwa Polski Juniorow Mlodszych - Chlopcy do lat 12"]
[Site "Sielpia"]
[Date "1899-12-30"]
[Round "4.8"]
[White "Bochenek, Ryszard"]
[Black "Kejna, Piotr"]
[Result "0-1"]
[WhiteTitle "II"]
[BlackTitle "CM"]
[WhiteElo "1433"]
[BlackElo "1787"]

1. d4 Nf6 2. Nf3 e6 3. g3 c5 4. c3 d5 5. Bg2 Bd7 6. O-O c4 7. Re1 Be7 8. Nbd2 Bc6
9. Ne5 b5 10. e4 a5 11. Nxc6 Nxc6 12. exd5 exd5 13. Nf3 O-O 14. Ne5 Ra6 15. Bg5
h6 16. Bxf6 Bxf6 17. Qf3 Bxe5 18. dxe5 d4 19. cxd4 Nxd4 20. Qc3 Qb6 21. Rad1 Rd8
22. Kf1 Ra7 23. Rd2 Rad7 24. Red1 Qc5 25. Bh3 b4 26. Qe3 Rd5 27. e6 c3 28. e7
cxd2 29. exd8=Q+ Rxd8 30. Rxd2 Qc1+ 31. Kg2 Qc6+ 32. f3 Qc1 33. Qf2 Qc4 34. b3
Qc3 35. Bf5 g6 36. Be4 Kg7 37. g4 Ne6 38. Rxd8 Nxd8 39. Qc2 Qxc2+ 40. Bxc2 Ne6
41. Kf2 Nc7 42. Ke3 Nb5 43. Kd3 Kf6 44. f4 g5 45. f5 Ke5 46. Kc4 Na3+ 47. Kd3
Nxc2 48. Kxc2 Kf4 49. h3 Kg3 50. Kd3 Kxh3 51. Ke4 Kxg4 52. Ke5 h5 53. f6 h4 54.
Kd6 Kf5 55. Ke7 Kg6 0-1

[Event "XXV OOM - Mistrzostwa Polski Juniorow Mlodszych - Chlopcy do lat 12"]
[Site "Sielpia"]
[Date "1899-12-30"]
[Round "4.9"]
[White "Pancewicz, Szymon"]
[Black "Karp, Kacper"]
[Result "1/2-1/2"]
[WhiteTitle "I"]
[BlackTitle "II+"]
[WhiteElo "1605"]
[BlackElo "1571"]

1. e4 c5 2. Nf3 Nc6 3. d4 cxd4 4. Nxd4 Qb6 5. Nb3 Nf6 6. Nc3 e6 7. Be3 Qc7 8. Bd3
a6 9. f4 d6 10. O-O Be7 11. Qe2 O-O 12. Nd4 Bd7 13. Rae1 Rac8 14. h3 Nxd4 15.
Bxd4 Bc6 16. e5 dxe5 17. Bxe5 Bc5+ 18. Kh1 Qe7 19. f5 Rce8 20. Bxf6 Qxf6 21. fxe6
Qxe6 22. Qh5 Qh6 23. Qxh6 gxh6 24. Ne4 Bxe4 25. Rxe4 Rxe4 26. Bxe4 b6 27. Bd5
Kg7 28. g4 f6 29. Re1 f5 30. gxf5 Rxf5 1/2-1/2

[Event "XXV OOM - Mistrzostwa Polski Juniorow Mlodszych - Chlopcy do lat 12"]
[Site "Sielpia"]
[Date "1899-12-30"]
[Round "4.10"]
[White "Kutowski, Marcel"]
[Black "Malinowski, Szymon"]
[Result "1-0"]
[WhiteTitle "I"]
[BlackTitle "I"]
[WhiteElo "1604"]
[BlackElo "1494"]

1. e4 c6 2. d4 d5 3. e5 Bf5 4. h4 Qc8 5. Bd3 Bxd3 6. Qxd3 e6 7. Nf3 Nd7 8. c3 c5
9. O-O Ne7 10. Be3 Nc6 11. a3 Be7 12. b4 cxb4 13. cxb4 O-O 14. Ng5 g6 15. h5 Qd8
16. Nh3 Kh8 17. hxg6 fxg6 18. Nf4 Qc8 19. Rc1 a6 20. g3 Nb6 21. Kg2 Kg7 22. Rh1
Nc4 23. Nd2 Nxe3+ 24. fxe3 Qd7 25. Rxh7+ Kxh7 26. Qxg6+ Kh8 27. Rh1+ Bh4 28. Rxh4+
Qh7 29. Rxh7# 1-0

[Event "XXV OOM - Mistrzostwa Polski Juniorow Mlodszych - Chlopcy do lat 12"]
[Site "Sielpia"]
[Date "1899-12-30"]
[Round "4.11"]
[White "Trzebinski, Patryk"]
[Black "Wierzbicki, Dawid"]
[Result "1-0"]
[WhiteTitle "I"]
[BlackTitle "I"]
[WhiteElo "1793"]
[BlackElo "1500"]

1. e4 c5 2. d4 cxd4 3. c3 d5 4. exd5 Qxd5 5. cxd4 Nc6 6. Nf3 Bg4 7. Nc3 Qh5 8.
Be2 e6 9. O-O Bd6 10. h3 Bxf3 11. Bxf3 Qa5 12. d5 exd5 13. Bxd5 O-O-O 14. Qg4+
Kb8 15. Bxc6 Qe5 16. f4 Qd4+ 17. Kh1 bxc6 18. Rd1 h5 19. Qf3 Qb6 20. Be3 Qc7 21.
Rac1 Qb7 22. Ne4 Be7 23. Rxd8+ Bxd8 24. Nd6 Qd7 25. Bxa7+ Kxa7 26. Qa3+ Kb8 27.
Qb4+ Ka8 28. Rc3 Qa7 29. Ra3 Bb6 30. Qxb6 1-0

[Event "XXV OOM - Mistrzostwa Polski Juniorow Mlodszych - Chlopcy do lat 12"]
[Site "Sielpia"]
[Date "1899-12-30"]
[Round "4.12"]
[White "Maslanka, Wojciech"]
[Black "Herwy, Jakub"]
[Result "0-1"]
[WhiteTitle "I"]
[BlackTitle "I+"]
[WhiteElo "1541"]
[BlackElo "1713"]

1. e4 c5 2. d4 cxd4 3. c3 Nf6 4. e5 Nd5 5. cxd4 Nc6 6. Nf3 d6 7. Bd3 g6 8. O-O
Bg7 9. Nc3 Nxc3 10. bxc3 dxe5 11. dxe5 O-O 12. Bf4 Bg4 13. Be4 Qc8 14. Rb1 Bf5
15. Qc2 Bxe4 16. Qxe4 b6 17. Rfd1 Na5 18. Rbc1 Nb7 19. Be3 Nd8 20. c4 Nc6 21.
c5 b5 22. Rd2 a6 23. Rcd1 Ra7 24. Rd5 h6 25. Qh4 h5 26. Qe4 Qg4 27. Qxg4 hxg4
28. Nd4 Nb4 29. Nb3 Nxd5 30. Rxd5 e6 31. Rd3 Bxe5 32. c6 Rc7 33. Na5 Rfc8 34.
Kf1 Kf8 35. Bc5+ Ke8 36. Ke2 Rxc6 37. Nxc6 Rxc6 38. Bd4 Bxd4 39. Rxd4 Rc2+ 40.
Ke3 Rxa2 41. Rxg4 Ra3+ 42. Ke2 Ke7 43. Rd4 a5 44. f4 Rb3 45. h4 f5 46. Ke1 Re3+
47. Kf2 Re4 0-1

[Event "XXV OOM - Mistrzostwa Polski Juniorow Mlodszych - Chlopcy do lat 12"]
[Site "Sielpia"]
[Date "1899-12-30"]
[Round "4.13"]
[White "Rog, Bartlomiej"]
[Black "Rylski, Tadeusz"]
[Result "1-0"]
[WhiteTitle "I"]
[BlackTitle "II+"]
[WhiteElo "1491"]
[BlackElo "1650"]

1. e4 c5 2. Nf3 e6 3. d4 cxd4 4. Nxd4 Nf6 5. Nc3 Nc6 6. Ndb5 Bb4 7. a3 Bxc3+ 8.
Nxc3 d5 9. exd5 Nxd5 10. Nxd5 exd5 11. Bd3 O-O 12. O-O Qf6 13. Qh5 h6 14. Qxd5
Ne5 15. Be4 Rd8 16. Qc5 Rd4 17. f3 Nc4 18. c3 Rxe4 19. fxe4 Qe6 20. Qd5 Qb6+ 21.
Qd4 Qe6 22. Rf3 b6 23. Bxh6 Ne5 24. Rg3 1-0

[Event "XXV OOM - Mistrzostwa Polski Juniorow Mlodszych - Chlopcy do lat 12"]
[Site "Sielpia"]
[Date "1899-12-30"]
[Round "4.14"]
[White "Wolski, Michal"]
[Black "Musial, Igor"]
[Result "1/2-1/2"]
[WhiteTitle "II"]
[BlackTitle "I"]
[WhiteElo "1448"]
[BlackElo "1602"]

1. e4 c5 2. Nf3 d6 3. Bb5+ Bd7 4. Bxd7+ Qxd7 5. c4 Nc6 6. O-O Nf6 7. Nc3 g6 8.
d3 Bg7 9. Re1 O-O 10. h3 e5 11. Ne2 Ne8 12. Bd2 Nc7 13. Rb1 f5 14. exf5 Qxf5 15.
Bc3 Qd7 16. Ng3 Ne6 17. Bd2 Rf7 18. Rf1 Raf8 19. Be3 Ne7 20. Qc2 Nf5 21. Nxf5
Rxf5 22. a3 Nd4 23. Bxd4 exd4 24. Qe2 Re8 25. Qd2 Ref8 26. Ng5 Bh6 27. f4 Bxg5
28. fxg5 Re8 29. Rxf5 Qxf5 30. Rf1 Qe6 31. Rf3 b6 32. Qf2 Qe1+ 33. Qxe1 Rxe1+
34. Rf1 Re3 35. Rf3 Re2 36. Rf2 Re3 1/2-1/2

[Event "XXV OOM - Mistrzostwa Polski Juniorow Mlodszych - Chlopcy do lat 12"]
[Site "Sielpia"]
[Date "1899-12-30"]
[Round "4.15"]
[White "Wiszniewski, Szymon"]
[Black "Janeczko, Jakub"]
[Result "0-1"]
[WhiteTitle "II+"]
[BlackTitle "I"]
[WhiteElo "1445"]
[BlackElo "1544"]

1. e4 c5 2. Nf3 Nc6 3. d4 cxd4 4. Nxd4 Nf6 5. Nc3 e5 6. Ndb5 d6 7. Bg5 a6 8. Na3
b5 9. Nd5 Be7 10. Bxf6 Bxf6 11. c4 b4 12. Nc2 a5 13. Be2 O-O 14. O-O Bg5 15. Qd3
g6 16. Rad1 f5 17. Ndxb4 axb4 18. Qd5+ Kh8 19. Qxc6 Rxa2 20. Rxd6 Qe7 21. Nxb4
Rxb2 22. Nd5 Qf7 23. Nc3 Bd2 24. Nd1 Ra2 25. Bd3 Bb4 26. c5 Ra5 27. exf5 gxf5
28. Bb5 Bb7 29. Qb6 Rg8 30. g3 Bf3 31. Rd7 Qg6 32. Qxg6 hxg6 33. Bc4 Rg7 34. c6
Bxc6 35. Rxg7 Kxg7 36. Nb2 Bc3 37. Nd3 Bd4 38. Rc1 Be4 39. Nb4 Rc5 40. Na6 Rc8
41. h4 Bb2 42. Rd1 Rxc4 43. Rd7+ Kf6 44. Nb8 Rc1+ 45. Kh2 0-1

[Event "XXV OOM - Mistrzostwa Polski Juniorow Mlodszych - Chlopcy do lat 12"]
[Site "Sielpia"]
[Date "1899-12-30"]
[Round "4.16"]
[White "Klim, Filip"]
[Black "Miler, Franciszek"]
[Result "1-0"]
[WhiteTitle "I"]
[BlackTitle "II"]
[WhiteElo "1543"]
[BlackElo "1431"]

1. e4 c5 2. Nf3 d6 3. d4 cxd4 4. Nxd4 Nf6 5. Nc3 g6 6. Be3 Bg7 7. f3 O-O 8. Qd2
Nc6 9. O-O-O d5 10. Qe1 e5 11. Nxc6 bxc6 12. exd5 cxd5 13. Bg5 Rb8 14. Nxd5 Bd7
15. Nxf6+ Bxf6 16. Bxf6 Qxf6 17. Rxd7 e4 18. c3 Qf4+ 19. Qd2 e3 20. Qd4 Qh6 21.
Be2 Qg5 22. g3 Qa5 23. Rxa7 Qf5 24. g4 Qe6 25. Bc4 Qc6 26. Bxf7+ Rxf7 27. Rxf7
Kxf7 28. Qf4+ Kg7 29. Qxb8 Qxf3 30. Qe5+ Kh6 31. g5+ Kh5 32. Re1 h6 33. gxh6+
Kxh6 34. Qxe3+ g5 35. Qxf3 Kg7 36. Re7+ Kg8 37. Qf7+ Kh8 38. Re8# 1-0

[Event "XXV OOM - Mistrzostwa Polski Juniorow Mlodszych - Chlopcy do lat 12"]
[Site "Sielpia"]
[Date "1899-12-30"]
[Round "4.17"]
[White "Paszkowski, Krystian"]
[Black "Jarocki, Gabriel"]
[Result "1/2-1/2"]
[WhiteTitle "I"]
[BlackTitle "II"]
[WhiteElo "1727"]
[BlackElo "1434"]

1. c4 g6 2. g3 Bg7 3. Bg2 Nf6 4. Nc3 O-O 5. e4 d6 6. Nge2 e5 7. O-O Nc6 8. d3 Ne7
9. h3 Ne8 10. Be3 f5 11. Qd2 c6 12. Bg5 Nf6 13. Kh2 Be6 14. Bxf6 Rxf6 15. exf5
gxf5 16. f4 Ng6 17. Rae1 Rf7 18. Ng1 Bd7 19. Nge2 Bh6 20. b4 exf4 21. Nxf4 Bxf4
22. gxf4 Rg7 23. Qf2 Kh8 24. Qd4 Qf8 25. Re2 h6 26. Rg1 Kh7 27. Bh1 Re8 28. Rxe8
Bxe8 29. b5 Qe7 30. bxc6 bxc6 31. Bf3 1/2-1/2

[Event "XXV OOM - Mistrzostwa Polski Juniorow Mlodszych - Chlopcy do lat 12"]
[Site "Sielpia"]
[Date "1899-12-30"]
[Round "4.18"]
[White "Krol, Jan"]
[Black "Grot, Blazej"]
[Result "0-1"]
[WhiteTitle "II+"]
[BlackTitle "CM"]
[WhiteElo "1405"]
[BlackElo "1604"]

1. e4 c5 2. Nf3 Nf6 3. Nc3 d6 4. d4 cxd4 5. Nxd4 e6 6. f4 a6 7. Be2 Nbd7 8. Be3
b5 9. a3 Bb7 10. Bf3 Qc7 11. Bf2 Be7 12. O-O O-O 13. g4 Nc5 14. Qe1 Nfd7 15. b4
Na4 16. Nxa4 bxa4 17. g5 Rfe8 18. Bh4 Bf8 19. Rc1 e5 20. Nf5 exf4 21. c4 Ne5 22.
Qc3 Rac8 23. Rf2 Qb6 24. Be2 Bxe4 25. Nd4 Ng6 26. Bg4 Rc7 27. Bf5 Nxh4 28. c5
dxc5 29. Rxf4 Nxf5 30. Qc4 Nxd4 31. Rd1 cxb4 32. Qf1 Ne2# 0-1

[Event "XXV OOM - Mistrzostwa Polski Juniorow Mlodszych - Chlopcy do lat 12"]
[Site "Sielpia"]
[Date "1899-12-30"]
[Round "4.19"]
[White "Wydmanski, Szymon"]
[Black "Nowak, Filip"]
[Result "1/2-1/2"]
[WhiteTitle "II"]
[BlackTitle "I"]
[WhiteElo "1319"]
[BlackElo "1591"]

1. e4 c5 2. Nf3 e6 3. d4 cxd4 4. Nxd4 Nf6 5. Nc3 d6 6. Be3 a6 7. f3 b5 8. Qd2 Nbd7
9. O-O-O Bb7 10. Kb1 Rc8 11. g4 Nb6 12. g5 Nfd7 13. h4 Qc7 14. Ndxb5 axb5 15.
Nxb5 Qb8 16. Bxb6 Nxb6 17. Nxd6+ Bxd6 18. Qxd6 Qxd6 19. Rxd6 Bc6 20. Ba6 Rc7 21.
Rhd1 Ke7 22. b3 Ra8 23. Rxc6 Rxc6 24. Bb7 Rac8 25. Bxc6 Rxc6 26. a4 f5 27. Kb2
fxe4 28. fxe4 Rc5 29. Rd4 h6 30. b4 Rc7 31. Kb3 hxg5 32. hxg5 e5 33. Rd1 Nc4 34.
Rd5 Ke6 35. Rd3 1/2-1/2

[Event "XXV OOM - Mistrzostwa Polski Juniorow Mlodszych - Chlopcy do lat 12"]
[Site "Sielpia"]
[Date "1899-12-30"]
[Round "4.20"]
[White "Merecki, Antoni"]
[Black "Zalega, Maciej"]
[Result "1-0"]
[WhiteTitle "II"]
[BlackTitle "II+"]
[WhiteElo "1177"]
[BlackElo "1538"]

1. d4 Nf6 2. c4 g6 3. Nc3 Bg7 4. e4 d6 5. Nf3 O-O 6. Be2 Nbd7 7. Be3 Ng4 8. Bg5
f6 9. Bh4 e5 10. Nxe5 Ndxe5 11. dxe5 Nxe5 12. f4 Nc6 13. Qd2 Be6 14. g4 Qd7 15.
f5 Bf7 16. Bg3 g5 17. O-O-O Rfe8 18. h4 h6 19. hxg5 hxg5 20. Rh3 Ne5 21. Bxe5
Rxe5 22. Rdh1 c6 23. Bd3 Rae8 24. Qh2 Kf8 25. Rh7 Bg8 26. Rh3 d5 27. cxd5 b5 28.
a3 a5 29. Qe2 Bxd5 30. Nxd5 cxd5 31. Bxb5 Qc7+ 32. Rc3 Qb8 33. Bxe8 Qxe8 34. Qa6
Qa4 35. Qd6+ Kg8 36. Rc8+ Kf7 37. Rh7 Re8 38. Qc7+ Re7 39. Rxg7+ Kxg7 40. Qxe7+
Kh6 41. Rh8# 1-0

[Event "XXV OOM - Mistrzostwa Polski Juniorow Mlodszych - Chlopcy do lat 12"]
[Site "Sielpia"]
[Date "1899-12-30"]
[Round "4.21"]
[White "Skrzypinski, Jan"]
[Black "Sukiennik, Oliwier"]
[Result "1/2-1/2"]
[WhiteTitle "II+"]
[BlackTitle "II+"]
[WhiteElo "1365"]
[BlackElo "1466"]

1. e4 d6 2. d4 Nf6 3. Bd3 g6 4. c4 Bg7 5. Nc3 O-O 6. Be3 Nc6 7. f3 e5 8. d5 Ne7
9. Qd2 Ne8 10. O-O-O f5 11. h3 Nf6 12. g4 f4 13. Bf2 Bd7 14. Nge2 Ne8 15. Kb1
h6 16. a3 a6 17. b4 b5 18. c5 Qb8 19. c6 Bc8 20. Nc1 a5 21. Nxb5 Ba6 22. Qe2 axb4
23. axb4 Nxd5 24. exd5 e4 25. fxe4 Bxb5 26. Bxb5 f3 27. Qd3 Ra1+ 28. Kc2 Qa8 29.
Bd4 Ra3 30. Qc4 f2 31. Bxg7 Nxg7 32. e5 Rff3 33. Qd4 dxe5 34. Qxe5 Rae3 35. Qb2
Qe8 36. Rdf1 Qe4+ 37. Bd3 Rxd3 38. Nxd3 Qxd3+ 39. Kc1 Qc4+ 40. Qc2 Rc3 41. Rxf2
Rxc2+ 42. Rxc2 Qxd5 43. Rd1 Qg5+ 44. Kb2 Qe5+ 45. Kb3 Ne6 46. Rc4 Qe3+ 47. Ka4
Qe2 48. Rdc1 Qf2 49. Kb3 Nd4+ 50. Ka3 Qe3+ 51. Kb2 Qb3+ 52. Ka1 Qa3+ 53. Kb1 Qb3+
54. Ka1 Nb5 55. h4 Kg7 56. g5 hxg5 57. hxg5 Qe3 58. Ka2 Qa7+ 59. Kb3 Qa3+ 60.
Kc2 Qa2+ 61. Kd3 Qb3+ 62. Kd2 Qb2+ 63. Kd3 Qe5 64. Rc5 Qg3+ 65. Kc2 Nd6 66. Kb2
Qf2+ 67. R1c2 Qd4+ 68. Kb3 Ne4 69. R5c4 Nd2+ 70. Rxd2 Qxd2 71. Rc5 Qd3+ 72. Ka4
Qa6+ 73. Kb3 Qd3+ 74. Ka4 Kf7 75. Ka5 Qb3 76. Kb5 Kg7 77. Ka5 Qa2+ 78. Kb5 Qa7
79. Kc4 Qa2+ 80. Kb5 Qe2+ 81. Ka4 Qa6+ 82. Kb3 Qb6 83. Kc4 Kf7 84. Kc3 Ke6 85.
Kb3 Kd6 86. Kc4 Qxc5+ 87. bxc5+ Ke5 88. Kb5 Kd5 89. Kb4 Kd4 1/2-1/2

[Event "XXV OOM - Mistrzostwa Polski Juniorow Mlodszych - Chlopcy do lat 12"]
[Site "Sielpia"]
[Date "1899-12-30"]
[Round "4.22"]
[White "Ptaszynski, Szymon"]
[Black "Sniadecki, Oskar"]
[Result "1/2-1/2"]
[WhiteTitle "II"]
[BlackTitle "II"]
[WhiteElo "1444"]
[BlackElo "1345"]

1. c4 e5 2. g3 Nf6 3. Bg2 d5 4. cxd5 Nxd5 5. Nc3 Nb6 6. Nf3 Nc6 7. d3 Be7 8. O-O
O-O 9. b3 f5 10. Bb2 Bf6 11. Rc1 Be6 12. Nd2 Qd7 13. Nc4 Rfe8 14. a3 Rad8 15.
g4 Qf7 16. gxf5 Bxf5 17. Ne4 Bxe4 18. Bxe4 Qh5 19. e3 Qf7 20. Qf3 Nxc4 21. bxc4
Ne7 22. Rfd1 c6 23. Kf1 Ng6 24. Bxg6 Qxg6 25. Qe4 Qh5 26. Qg2 Qf5 27. Ke2 Qh5+
28. f3 Qf7 29. Rg1 Rd7 30. Rcd1 Red8 31. Bc3 c5 32. Qg3 Qe7 33. Qg2 b6 34. Qg4
Kh8 35. Rd2 Rd6 36. Rdd1 R6d7 37. Be1 Rd6 38. Bc3 Qd7 39. Qxd7 R8xd7 40. Be1 a6
41. a4 g6 42. Bg3 Re6 43. Rb1 Kg7 44. Rb3 Bd8 45. h3 a5 46. Rgb1 Kf6 47. R1b2
g5 48. Rb1 h5 49. Bh2 Rg7 50. Rg1 Kf7 51. Rbb1 Bc7 52. Rg2 Reg6 53. Rbg1 Kf6 54.
Kd2 Kf5 55. Ke2 Kf6 56. Kd2 Kf5 57. Rf1 Ke6 58. Rfg1 Kf5 59. Ke2 Ke6 60. f4 exf4
61. exf4 g4 1/2-1/2